Govt. of
Madhya Pradesh

Normal view MARC view

Entry Personal Name

Number of records used in: 2

001 - CONTROL NUMBER

  • control field: 44722

003 - CONTROL NUMBER IDENTIFIER

  • control field: OSt

005 - DATE AND TIME OF LATEST TRANSACTION

  • control field: 20160310171019.0

008 - FIXED-LENGTH DATA ELEMENTS

  • fixed length control field: 160310|| aca||aabn | a|a d

040 ## - CATALOGING SOURCE

  • Original cataloging agency: OSt
  • Transcribing agency: OSt

100 ## - HEADING--PERSONAL NAME

  • Personal name: ज्ञान प्रकाश विवेक

670 ## - SOURCE DATA FOUND

  • Source citation: Work cat.: (OSt)29172: ज्ञान प्रकाश विवेक , जोसफ चला गया , 1986